Basketteurs en H (2000-2025) - Statistiques

Statistiques générales
  • Ce quiz a été pris 76 fois
  • Le résultat moyen est 18 sur 36
Statistiques - réponses
Par images Réponse % Correct
James Harden
98%
Tyrese Haliburton
94%
Dwight Howard
91%
Jrue Holiday
91%
Al Horford
86%
Chet Holmgren
85%
Tyler Herro
83%
Rui Hachimura
82%
Josh Hart
78%
Buddy Hield
69%
Killian Hayes
68%
Tobias Harris
68%
Isaiah Hartenstein
66%
Gordon Hayward
62%
Penny Hardaway
60%
Tim Hardaway Jr
60%
Dylan Harper
58%
Udonis Haslem
51%
De'Andre Hunter
46%
Scoot Henderson
46%
Willy Hernangomez
46%
Grant Hill
45%
Kevin Huerter
45%
Montrezl Harrell
37%
Yang Hansen
23%
Jaden Hardy
22%
Richard Hamilton
17%
Kirk Hinrich
14%
Ron Holland
14%
Al Harrington
11%
Allan Houston
11%
Bones Hyland
9%
Jordan Hawkins
8%
Larry Hughes
8%
Brendan Haywood
6%
Moe Harkless
6%
Aucun quiz correspondant
Distribution des résultats
% des personnes avec chaque résultat
Percentile par nombre de réponses
Votre historique - résultats
Vous n’avez pas pris ce quiz